The personal management handbook : How to make the most of your potential
| Other Authors: | |
|---|---|
| Format: | Book |
| Published: |
London :
Sphere Books Ltd ,
c1988
|
| Subjects: |
MARC
| LEADER | 00000cam a2200000 7i4500 | ||
|---|---|---|---|
| 001 | 0000000674 | ||
| 005 | 20050629.0 | ||
| 020 | |a 0747403376 | ||
| 040 | |a INS | ||
| 090 | 0 | 0 | |a BV4501.2. |b P4671 1988 |
| 245 | 0 | 4 | |a The personal management handbook : |b How to make the most of your potential |c Consultant editor John Mullingan |
| 260 | |a London : |b Sphere Books Ltd , |c c1988 | ||
| 300 | |a 168p ; |c 21cm. | ||
| 650 | 0 | 0 | |a Management |
| 700 | 1 | |a Mullingan, John | |
| 999 | |a 0000004787 |b BOOK |c Open Shelf |e Default branch | ||
| 999 | |a 0000023122 |b BOOK |c Open Shelf |e Default branch | ||